[Event "GBR-ch 111th"]
[Site "Liverpool"]
[Date "2025.08.09"]
[Round "8.36"]
[White "Patel, Zain"]
[Black "Shafi, Declan"]
[Result "1/2-1/2"]
[WhiteElo "2048"]
[BlackElo "2183"]
[PlyCount "116"]
[EventDate "2025.08.02"]
[EventType "swiss"]
[EventRounds "9"]
[EventCountry "GBR"]
[SourceTitle "BritBase"]
[Source "John Saunders"]
[SourceDate "2025.08.11"]
[SourceVersion "1"]
[SourceVersionDate "2025.08.11"]
[SourceQuality "1"]

1. Nf3 Nf6 2. b3 g6 3. Bb2 Bg7 4. g3 b6 5. Bg2 Bb7 6. O-O O-O 7. c4 d6 8. d4 Nbd7 9. Re1 Re8 10. Nbd2 c5 11. d5 e6 12. e4 exd5 13. exd5 Rxe1+ 14. Qxe1 b5 15. Rb1 bxc4 16. bxc4 Ba6 17. Ng5 Nb6 18. Bf1 Qe8 19. Bxf6 Bxf6 20. Nge4 Be5 21. Nf3 f5 22. Nxc5 Bxc4 23. Nxe5 Bxf1 24. Kxf1 Qxe5 25. Qxe5 dxe5 26. d6 Rd8 27. Rd1 Kf7 28. a4 Nd7 29. Nb7 Rb8 30. Na5 Rc8 31. Rb1 Ke6 32. Rb7 a6 33. Ra7 Rc1+ 34. Kg2 Ra1 35. Rxa6 Rxa4 36. Ra8 e4 37. h4 Ra2 38. Re8+ Kxd6 39. Nc4+ Kc6 40. Re7 Nc5 41. Rxh7 Nd3 42. Rg7 Kc5 43. Ne3 Rxf2+ 44. Kg1 Rf3 45. Nf1 e3 46. Rc7+ Kd4 47. Rc2 Ne5 48. Ra2 Ng4 49. Rb2 Kd3 50. Ra2 e2 51. Rd2+ Kc4 52. Rxe2 Kd4 53. Kg2 Ra3 54. Rd2+ Rd3 55. Rxd3+ Kxd3 56. Kf3 Nf6 57. Ne3 Kd4 58. Nxf5+ gxf5 1/2-1/2

[Event "GBR-ch 111th"]
[Site "Liverpool"]
[Date "2025.08.09"]
[Round "8.37"]
[White "Korsinskij, Marek"]
[Black "Dasgupta, Avyukt"]
[Result "0-1"]
[WhiteElo "1727"]
[BlackElo "2158"]
[PlyCount "116"]
[EventDate "2025.08.02"]
[EventType "swiss"]
[EventRounds "9"]
[EventCountry "GBR"]
[SourceTitle "BritBase"]
[Source "John Saunders"]
[SourceDate "2025.08.11"]
[SourceVersion "1"]
[SourceVersionDate "2025.08.11"]
[SourceQuality "1"]

1. d4 Nf6 2. Nf3 d5 3. e3 c6 4. c4 a6 5. a4 e6 6. Bd3 a5 7. Qc2 Na6 8. Bd2 Nb4 9. Bxb4 Bxb4+ 10. Nc3 b6 11. Ne5 Bb7 12. O-O Rc8 13. Rac1 O-O 14. cxd5 cxd5 15. Qb1 Qe7 16. Nb5 g6 17. Na7 Ra8 18. Nac6 Bxc6 19. Rxc6 Bd6 20. Nf3 Qb7 21. Rfc1 Rac8 22. Qc2 Rxc6 23. Qxc6 Qb8 24. g3 Kg7 25. Kg2 Rd8 26. Rc2 Ng8 27. Ne5 Ne7 28. Qb5 Bxe5 29. dxe5 Nc8 30. f4 Na7 31. Qb3 Qb7 32. Kg1 Nc6 33. Ba6 Qxa6 34. Rxc6 d4 35. exd4 Rxd4 36. Rd6 Re4 37. Qb5 Qc8 38. Qc6 Qxc6 39. Rxc6 Rb4 40. Rc2 Rxa4 41. Kf2 Rb4 42. Ke3 h6 43. h4 Rb3+ 44. Kf2 g5 45. h5 g4 46. Kg2 b5 47. Kf2 a4 48. Kg2 Kf8 49. Kf2 Ke7 50. Rc7+ Ke8 51. Rc2 Kd7 52. Kg2 b4 53. Kf2 Rd3 54. Kg2 b3 55. Re2 Kc6 56. Kf2 Kc5 57. Kg2 a3 58. bxa3 Rc3 0-1

[Event "GBR-ch 111th"]
[Site "Liverpool"]
[Date "2025.08.09"]
[Round "8.38"]
[White "Brewer, Callum D"]
[Black "Pereslavtsev, Alexandr"]
[Result "1/2-1/2"]
[WhiteElo "2152"]
[BlackElo "2079"]
[PlyCount "100"]
[EventDate "2025.08.02"]
[EventType "swiss"]
[EventRounds "9"]
[EventCountry "GBR"]
[SourceTitle "BritBase"]
[Source "John Saunders"]
[SourceDate "2025.08.11"]
[SourceVersion "1"]
[SourceVersionDate "2025.08.11"]
[SourceQuality "1"]

1. e4 c5 2. Nf3 e6 3. c3 Nf6 4. e5 Nd5 5. d4 cxd4 6. cxd4 b6 7. h4 Bb4+ 8. Nbd2 O-O 9. a3 Be7 10. Bd3 Ba6 11. Ne4 Bxd3 12. Qxd3 f5 13. exf6 Bxf6 14. Nfg5 Bxg5 15. hxg5 g6 16. Qh3 Rf7 17. Nd6 Rg7 18. Be3 Nc6 19. Rc1 Qe7 20. Nc4 Rf7 21. O-O Nf4 22. Qg4 Raf8 23. Nd2 Rf5 24. Ne4 Nd5 25. Rfd1 Qd8 26. Qg3 Na5 27. Rc2 b5 28. Nd6 Nxe3 29. Qxe3 Rxg5 30. Rc8 Qe7 31. b4 Rd5 32. Rxf8+ Qxf8 33. Ne4 Nc4 34. Qg3 Qf5 35. f3 e5 36. Qh4 Kg7 37. Nc3 g5 38. Qf2 Rd6 39. Nxb5 Rb6 40. Nc3 Nxa3 41. Qa2 Nc2 42. dxe5 Ne3 43. Re1 Qd3 44. Ne4 Nc2 45. Nf2 Qc3 46. Rc1 Qe3 47. Rd1 Nd4 48. Qd5 Ne2+ 49. Kf1 Ng3+ 50. Kg1 Ne2+ 1/2-1/2

[Event "GBR-ch 111th"]
[Site "Liverpool"]
[Date "2025.08.09"]
[Round "8.39"]
[White "Gunarathne, Senith"]
[Black "Vaidyanathan, Adithya"]
[Result "0-1"]
[WhiteElo "1918"]
[BlackElo "2115"]
[PlyCount "92"]
[EventDate "2025.08.02"]
[EventType "swiss"]
[EventRounds "9"]
[EventCountry "GBR"]
[SourceTitle "BritBase"]
[Source "John Saunders"]
[SourceDate "2025.08.11"]
[SourceVersion "1"]
[SourceVersionDate "2025.08.11"]
[SourceQuality "1"]

1. e4 c5 2. Nf3 Nc6 3. d4 cxd4 4. Nxd4 Nf6 5. f3 d6 6. Nc3 e5 7. Nb3 Be6 8. Bg5 Be7 9. Qd2 h6 10. Bxf6 Bxf6 11. Nb5 O-O 12. Nxd6 Bg5 13. Qd1 Qb6 14. Bd3 Qb4+ 15. c3 Qxd6 16. O-O Rfd8 17. Be2 Qxd1 18. Rc1 Qxf1+ 19. Rxf1 Rd1 20. Rxd1 Rd8 21. Rxd8+ Nxd8 22. Kf2 b6 23. g3 Bxb3 24. axb3 Bc1 25. c4 Bxb2 26. f4 Nc6 27. Bg4 exf4 28. gxf4 Nd4 29. Bd1 Bc1 30. f5 Bf4 31. h3 a5 32. Kg2 Kf8 33. h4 Ke7 34. Kh3 Kf6 35. Kg4 Ke5 36. h5 Kxe4 37. b4 axb4 38. Ba4 b3 39. c5 bxc5 40. f6 gxf6 41. Be8 f5+ 42. Kh3 b2 43. Bxf7 b1=Q 44. Bd5+ Kxd5 45. Kg2 Qe1 46. Kh3 Qg3# 0-1

[Event "GBR-ch 111th"]
[Site "Liverpool"]
[Date "2025.08.09"]
[Round "8.40"]
[White "Hryshchenko, Kamila"]
[Black "Deepak Ambattu, Rithvik"]
[Result "1/2-1/2"]
[WhiteElo "2097"]
[BlackElo "1990"]
[PlyCount "73"]
[EventDate "2025.08.02"]
[EventType "swiss"]
[EventRounds "9"]
[EventCountry "GBR"]
[SourceTitle "BritBase"]
[Source "John Saunders"]
[SourceDate "2025.08.11"]
[SourceVersion "1"]
[SourceVersionDate "2025.08.11"]
[SourceQuality "1"]

1. e4 c5 2. Nc3 d6 3. f4 Nc6 4. Bc4 g6 5. Nf3 Bg7 6. d3 e6 7. O-O Nge7 8. Qe1 O-O 9. f5 gxf5 10. Qh4 fxe4 11. dxe4 Ng6 12. Qh5 Nce5 13. Nxe5 Nxe5 14. Be2 f6 15. Bf4 Bd7 16. Rad1 Qe7 17. Qh3 Rad8 18. Qg3 Bc6 19. h4 Kh8 20. h5 h6 21. Bg4 Nxg4 22. Qxg4 f5 23. Qh3 fxe4 24. Bg3 Bf6 25. Ne2 e5 26. c4 Bd7 27. Qh2 Bg4 28. Rde1 Bxe2 29. Rxe2 Bg5 30. Rd1 e3 31. Qh3 Qf7 32. Bh4 Qxc4 33. Bxg5 Qxe2 34. Bxd8 Qxd1+ 35. Kh2 Rxd8 36. Qf5 Kg7 37. Qg6+ 1/2-1/2

[Event "GBR-ch 111th"]
[Site "Liverpool"]
[Date "2025.08.09"]
[Round "8.41"]
[White "Lebedev, Lion"]
[Black "Weersing, Abigail R"]
[Result "1/2-1/2"]
[WhiteElo "2048"]
[BlackElo "2056"]
[PlyCount "119"]
[EventDate "2025.08.02"]
[EventType "swiss"]
[EventRounds "9"]
[EventCountry "GBR"]
[SourceTitle "BritBase"]
[Source "John Saunders"]
[SourceDate "2025.08.11"]
[SourceVersion "1"]
[SourceVersionDate "2025.08.11"]
[SourceQuality "1"]

1. e4 e6 2. d4 d5 3. Nc3 Nf6 4. Bg5 Be7 5. e5 Nfd7 6. h4 h6 7. Bxe7 Qxe7 8. f4 a6 9. Nf3 c5 10. Qd2 Nc6 11. g4 cxd4 12. Nxd4 Qb4 13. O-O-O Nxd4 14. Qxd4 Qxd4 15. Rxd4 h5 16. Be2 hxg4 17. Bxg4 Ke7 18. Rdd1 b5 19. Ne2 Bb7 20. Nd4 Rac8 21. h5 b4 22. Rhe1 Nc5 23. f5 Rcg8 24. fxe6 fxe6 25. Rf1 Rh6 26. Rf4 Rf8 27. Rxf8 Kxf8 28. Rg1 Kf7 29. Rf1+ Ke7 30. Kd2 g6 31. Rg1 Ba8 32. Bf3 gxh5 33. Rg7+ Kf8 34. Rc7 Ne4+ 35. Ke3 h4 36. Rc8+ Kg7 37. Rxa8 h3 38. Ra7+ Kg8 39. Rxa6 h2 40. Rxe6 Rh3 41. Ke2 Rxf3 42. Rh6 Rf2+ 43. Ke3 Rg2 44. Rh5 Ng5 45. e6 Rg3+ 46. Ke2 Rh3 47. Rxg5+ Kf8 48. Rf5+ Ke8 49. Rf1 h1=Q 50. Rxh1 Rxh1 51. Nb5 Ke7 52. Nc7 Rh5 53. Kd3 Kd6 54. Ne8+ Kc6 55. Kd4 Rh2 56. Nf6 Re2 57. c4 bxc3 58. bxc3 Kd6 59. e7 Rxe7 60. Nxd5 1/2-1/2

[Event "GBR-ch 111th"]
[Site "Liverpool"]
[Date "2025.08.09"]
[Round "8.42"]
[White "Harborne, Matthew J"]
[Black "Strade, Arita"]
[Result "1-0"]
[WhiteElo "2048"]
[BlackElo "1971"]
[PlyCount "121"]
[EventDate "2025.08.02"]
[EventType "swiss"]
[EventRounds "9"]
[EventCountry "GBR"]
[SourceTitle "BritBase"]
[Source "John Saunders"]
[SourceDate "2025.08.11"]
[SourceVersion "1"]
[SourceVersionDate "2025.08.11"]
[SourceQuality "1"]

1. e4 c5 2. c3 g6 3. d4 cxd4 4. cxd4 d5 5. e5 Nc6 6. Nc3 Bg7 7. Bb5 f6 8. f4 Be6 9. Nf3 Nh6 10. O-O O-O 11. h3 Rc8 12. g4 a6 13. Bxc6 Rxc6 14. Be3 Bc8 15. Qd2 Nf7 16. Qg2 fxe5 17. fxe5 e6 18. Qd2 h6 19. Na4 b6 20. b3 a5 21. Qd3 Nh8 22. Bc1 Qe7 23. Bd2 Qa7 24. Nc3 Ba6 25. Nb5 Qd7 26. a4 Rfc8 27. Nh4 Rc2 28. Rf2 Qe8 29. Ng2 Bxb5 30. axb5 g5 31. h4 gxh4 32. Nxh4 Qe7 33. Ng2 R2c7 34. Raf1 Rf8 35. Qh3 Rxf2 36. Rxf2 Nf7 37. Qh5 Ng5 38. Rf1 Rc8 39. Rc1 Rf8 40. Bxg5 hxg5 41. Qg6 Qf7 42. Qxf7+ Rxf7 43. Rc8+ Bf8 44. Rc6 Rf3 45. Rxe6 Kg7 46. Rxb6 Rxb3 47. Rb7+ Kg6 48. b6 a4 49. Ra7 a3 50. b7 a2 51. Rxa2 Rxb7 52. Ra6+ Kf7 53. Ne3 Rb4 54. e6+ Ke8 55. Ra8+ Ke7 56. Nxd5+ Kxe6 57. Nxb4 Bxb4 58. Kf2 Kd5 59. Ke3 Be1 60. Kd3 Bg3 61. Ra5+ 1-0

[Event "GBR-ch 111th"]
[Site "Liverpool"]
[Date "2025.08.09"]
[Round "8.43"]
[White "Nevska, Gerda"]
[Black "Carpenter, Paul A"]
[Result "1-0"]
[WhiteElo "1799"]
[BlackElo "1922"]
[PlyCount "59"]
[EventDate "2025.08.02"]
[EventType "swiss"]
[EventRounds "9"]
[EventCountry "GBR"]
[SourceTitle "BritBase"]
[Source "John Saunders"]
[SourceDate "2025.08.11"]
[SourceVersion "1"]
[SourceVersionDate "2025.08.11"]
[SourceQuality "1"]

1. Nf3 d6 2. c4 Nf6 3. Nc3 Nbd7 4. d4 e5 5. e4 c6 6. Be2 Be7 7. O-O Qc7 8. b4 a6 9. a4 Nf8 10. Qb3 Bg4 11. Be3 Ng6 12. h3 Bd7 13. dxe5 dxe5 14. a5 h6 15. Rfd1 Be6 16. Bb6 Qc8 17. Bf1 O-O 18. Qb2 Nh5 19. Rac1 Nhf4 20. Kh2 Nxg2 21. Bxg2 Nf4 22. Ng1 f5 23. exf5 Rxf5 24. Ne4 Rh5 25. Rc3 g5 26. Rg3 g4 27. Nc5 Bh4 28. Nxe6 Bxg3+ 29. fxg3 Nxg2 30. Rd8+ 1-0

[Event "GBR-ch 111th"]
[Site "Liverpool"]
[Date "2025.08.09"]
[Round "8.44"]
[White "Bharat Kumar, Balahari"]
[Black "Ashbrooke, Monika"]
[Result "1/2-1/2"]
[WhiteElo "2052"]
[BlackElo "1591"]
[PlyCount "45"]
[EventDate "2025.08.02"]
[EventType "swiss"]
[EventRounds "9"]
[EventCountry "GBR"]
[SourceTitle "BritBase"]
[Source "John Saunders"]
[SourceDate "2025.08.11"]
[SourceVersion "1"]
[SourceVersionDate "2025.08.11"]
[SourceQuality "1"]

1. d4 e6 2. c4 f5 3. g3 Nf6 4. Bg2 Be7 5. Nf3 O-O 6. O-O Ne4 7. Nbd2 a5 8. Qc2 Nxd2 9. Bxd2 Nc6 10. e4 d6 11. Bc3 f4 12. gxf4 Rxf4 13. a3 Qf8 14. Ne1 e5 15. d5 Nd4 16. Bxd4 exd4 17. Nd3 Rg4 18. f4 Qf6 19. Rae1 Bd7 20. e5 Qg6 21. e6 Ba4 22. Qxa4 Rxg2+ 23. Kh1 1/2-1/2

[Event "GBR-ch 111th"]
[Site "Liverpool"]
[Date "2025.08.09"]
[Round "8.45"]
[White "Zhou, Yang-Fan"]
[Black "Claridge-Hansen, William"]
[Result "1/2-1/2"]
[WhiteElo "2406"]
[BlackElo "2364"]
[PlyCount "32"]
[EventDate "2025.08.02"]
[EventType "swiss"]
[EventRounds "9"]
[EventCountry "GBR"]
[SourceTitle "BritBase"]
[Source "John Saunders"]
[SourceDate "2025.08.11"]
[SourceVersion "1"]
[SourceVersionDate "2025.08.11"]
[SourceQuality "1"]

1. e4 c6 2. d4 d5 3. e5 Bf5 4. Nf3 e6 5. Be2 c5 6. c3 Nc6 7. O-O cxd4 8. Nxd4 Nge7 9. Bb5 Qc7 10. Na3 a6 11. Bxc6+ bxc6 12. Be3 Qxe5 13. Qa4 Qc7 14. c4 Qd7 15. Rad1 f6 16. Rfe1 e5 1/2-1/2

[Event "GBR-ch 111th"]
[Site "Liverpool"]
[Date "2025.08.10"]
[Round "9.1"]
[White "Vitiugov, Nikita"]
[Black "Conquest, Stuart C"]
[Result "0-1"]
[WhiteElo "2676"]
[BlackElo "2511"]
[PlyCount "94"]
[EventDate "2025.08.02"]
[EventType "swiss"]
[EventRounds "9"]
[EventCountry "GBR"]
[SourceTitle "BritBase"]
[Source "John Saunders"]
[SourceDate "2025.08.11"]
[SourceVersion "1"]
[SourceVersionDate "2025.08.11"]
[SourceQuality "1"]

1. e4 Nc6 2. d4 e5 3. d5 Nce7 4. h4 Nf6 5. Nc3 h6 6. h5 d6 7. f4 c6 8. Be3 Ng4 9. Bd2 exf4 10. Bxf4 g5 11. Bg3 Qb6 12. Qd2 Bg7 13. O-O-O cxd5 14. Bb5+ Bd7 15. Bxd7+ Kxd7 16. Nge2 Rac8 17. exd5 f5 18. Qd3 f4 19. Be1 Qe3+ 20. Kb1 Qxd3 21. Rxd3 Nf5 22. g3 Ne5 23. Rd1 f3 24. Nd4 Nxd4 25. Rxd4 Rhf8 26. Rf1 Nc4 27. Rd3 Rce8 28. Nd1 Re2 29. Kc1 g4 30. b3 Ne5 31. Rd2 Bf6 32. Nc3 Rg2 33. Ne4 Bd8 34. Bf2 Rf5 35. Rh1 Ba5 36. c3 Bb6 37. Kc2 Bxf2 38. Rxf2 b5 39. Kd2 Nf7 40. Rxg2 fxg2 41. Rg1 Rxd5+ 42. Ke3 Re5 43. Kd3 Rf5 44. Rxg2 d5 45. Nc5+ Kd6 46. Kd4 Nd8 47. Nd3 Rf3 0-1

[Event "GBR-ch 111th"]
[Site "Liverpool"]
[Date "2025.08.10"]
[Round "9.2"]
[White "Adams, Michael"]
[Black "Czopor, Maciej"]
[Result "1-0"]
[WhiteElo "2663"]
[BlackElo "2434"]
[PlyCount "93"]
[EventDate "2025.08.02"]
[EventType "swiss"]
[EventRounds "9"]
[EventCountry "GBR"]
[SourceTitle "BritBase"]
[Source "John Saunders"]
[SourceDate "2025.08.11"]
[SourceVersion "1"]
[SourceVersionDate "2025.08.11"]
[SourceQuality "1"]

1. e4 c5 2. Nf3 d6 3. d4 cxd4 4. Nxd4 Nf6 5. Nc3 Nc6 6. Bg5 e6 7. Qd2 a6 8. O-O-O Bd7 9. Kb1 Be7 10. f3 b5 11. Nxc6 Bxc6 12. h4 h6 13. Be3 h5 14. Bd3 Qc7 15. Bg5 b4 16. Ne2 a5 17. Rhe1 Rb8 18. Nd4 Bd7 19. Qe2 Qb6 20. Be3 Qb7 21. Bc1 Qb6 22. Be3 Qb7 23. Bf2 O-O 24. g4 a4 25. g5 Ne8 26. f4 g6 27. f5 e5 28. Ba6 Qc7 29. fxg6 fxg6 30. Bc4+ Kh7 31. Nf5 Bxf5 32. exf5 Rxf5 33. Bd3 Ng7 34. Bxf5 Nxf5 35. Rd5 a3 36. Rb5 Rc8 37. Qe4 axb2 38. Re2 Qc3 39. Rb7 Kg7 40. Be1 Qa3 41. Bxb4 Qa6 42. Rf2 Kh8 43. a3 Bf8 44. Rf7 Bg7 45. R2xf5 gxf5 46. Qxf5 Rg8 47. Qf3 1-0

[Event "GBR-ch 111th"]
[Site "Liverpool"]
[Date "2025.08.10"]
[Round "9.3"]
[White "Pert, Richard G"]
[Black "Roberson, Peter T"]
[Result "0-1"]
[WhiteElo "2409"]
[BlackElo "2440"]
[PlyCount "108"]
[EventDate "2025.08.02"]
[EventType "swiss"]
[EventRounds "9"]
[EventCountry "GBR"]
[SourceTitle "BritBase"]
[Source "John Saunders"]
[SourceDate "2025.08.11"]
[SourceVersion "1"]
[SourceVersionDate "2025.08.11"]
[SourceQuality "1"]

1. d4 d5 2. Nf3 e6 3. c4 Nf6 4. Bg5 dxc4 5. e4 b5 6. a4 Bb7 7. axb5 Bxe4 8. Bxc4 h6 9. Bh4 Be7 10. Nc3 Bb7 11. O-O O-O 12. Ne5 Nfd7 13. Bg3 Nxe5 14. dxe5 a6 15. Qg4 axb5 16. Rad1 bxc4 17. Rxd8 Rxd8 18. Qxc4 c5 19. Nb5 Nc6 20. Qe4 Na5 21. Qc2 Ba6 22. Nc7 Bxf1 23. Kxf1 Rab8 24. Bf4 Rdc8 25. Nxe6 fxe6 26. Bxh6 gxh6 27. Qg6+ Kf8 28. Qxh6+ Ke8 29. Qxe6 Nc6 30. f4 Nd4 31. Qg4 Rc6 32. f5 Rxb2 33. e6 Kd8 34. Qg8+ Kc7 35. Qe8 Nxf5 36. Qd7+ Kb6 37. Qe8 Rb1+ 38. Kf2 Rb2+ 39. Kf3 Nd4+ 40. Kg4 Rxg2+ 41. Kh3 Re2 42. Qxe7 Rexe6 43. Qd8+ Kb5 44. Qd7 Kb4 45. Qb7+ Rb6 46. Qc8 Rh6+ 47. Kg3 Rbg6+ 48. Kf4 Rh4+ 49. Ke3 Re6+ 50. Kf2 Rxh2+ 51. Kg3 Rh7 52. Qb8+ Kc3 53. Qf8 Rg6+ 54. Kf2 Rh5 0-1

[Event "GBR-ch 111th"]
[Site "Liverpool"]
[Date "2025.08.10"]
[Round "9.4"]
[White "Claridge-Hansen, William"]
[Black "Maroroa Jones, Gawain"]
[Result "0-1"]
[WhiteElo "2364"]
[BlackElo "2651"]
[PlyCount "76"]
[EventDate "2025.08.02"]
[EventType "swiss"]
[EventRounds "9"]
[EventCountry "GBR"]
[SourceTitle "BritBase"]
[Source "John Saunders"]
[SourceDate "2025.08.11"]
[SourceVersion "1"]
[SourceVersionDate "2025.08.11"]
[SourceQuality "1"]

1. Nf3 Nf6 2. g3 g6 3. Bg2 Bg7 4. O-O O-O 5. d4 d6 6. c4 Nbd7 7. Nc3 e5 8. e4 b6 9. Rb1 Bb7 10. d5 Nc5 11. Qc2 a5 12. b3 Bc8 13. Ne1 Nh5 14. Nd3 f5 15. f3 Nxd3 16. Qxd3 f4 17. Ne2 Bh6 18. Bd2 Bg5 19. Be1 Bd7 20. a3 Qe7 21. Bf2 fxg3 22. hxg3 Qg7 23. Rb2 Be7 24. b4 axb4 25. axb4 g5 26. c5 bxc5 27. bxc5 Bc8 28. Rfb1 Ba6 29. Qd1 g4 30. fxg4 Qxg4 31. Nc3 Qg5 32. Qe1 dxc5 33. Nb5 Bd6 34. Kh2 Nf6 35. Bh3 Bxb5 36. Rxb5 Nxe4 37. Be6+ Kg7 38. Qxe4 Rxf2+ 0-1

[Event "GBR-ch 111th"]
[Site "Liverpool"]
[Date "2025.08.10"]
[Round "9.5"]
[White "Royal, Shreyas"]
[Black "Willow, Jonah B"]
[Result "0-1"]
[WhiteElo "2495"]
[BlackElo "2459"]
[PlyCount "86"]
[EventDate "2025.08.02"]
[EventType "swiss"]
[EventRounds "9"]
[EventCountry "GBR"]
[SourceTitle "BritBase"]
[Source "John Saunders"]
[SourceDate "2025.08.11"]
[SourceVersion "1"]
[SourceVersionDate "2025.08.11"]
[SourceQuality "1"]

1. d4 Nf6 2. c4 g6 3. Nc3 d5 4. cxd5 Nxd5 5. e4 Nxc3 6. bxc3 Bg7 7. Qa4+ Nd7 8. Nf3 O-O 9. Qa3 c5 10. h4 cxd4 11. cxd4 Nf6 12. e5 Nh5 13. Bg5 f6 14. Be3 Be6 15. Be2 fxe5 16. Ng5 Bd5 17. Bxh5 gxh5 18. Qd3 Qa5+ 19. Bd2 e4 20. Qe2 Qb6 21. Qxh5 h6 22. Rd1 Qxd4 23. Nh3 Bf7 24. Qg4 e3 25. Qxd4 Bxd4 26. Bxe3 Bxe3 27. fxe3 Bxa2 28. Rd7 b5 29. Nf4 Rf7 30. Rh3 e5 31. Rg3+ Kh7 32. Nh5 Rxd7 33. Nf6+ Kh8 34. Nxd7 a5 35. Nxe5 a4 36. Rg6 a3 37. Rxh6+ Kg7 38. Rg6+ Kh7 39. Rd6 Bb1 40. Rd7+ Kg8 41. Ng4 a2 42. Nf6+ Kf8 43. e4 a1=Q 0-1

[Event "GBR-ch 111th"]
[Site "Liverpool"]
[Date "2025.08.10"]
[Round "9.6"]
[White "Gordon, Stephen J"]
[Black "Wadsworth, Matthew J"]
[Result "1/2-1/2"]
[WhiteElo "2469"]
[BlackElo "2483"]
[PlyCount "158"]
[EventDate "2025.08.02"]
[EventType "swiss"]
[EventRounds "9"]
[EventCountry "GBR"]
[SourceTitle "BritBase"]
[Source "John Saunders"]
[SourceDate "2025.08.11"]
[SourceVersion "1"]
[SourceVersionDate "2025.08.11"]
[SourceQuality "1"]

1. d4 Nf6 2. Nf3 e6 3. c4 Bb4+ 4. Nbd2 b6 5. a3 Bxd2+ 6. Nxd2 Bb7 7. e3 d6 8. Bd3 a5 9. O-O Nbd7 10. b3 e5 11. Bb2 e4 12. Bc2 Qe7 13. d5 c6 14. dxc6 Bxc6 15. b4 O-O 16. Nb3 Ne5 17. Qd4 Qe6 18. Nd2 Ned7 19. Rfd1 Rfc8 20. Bb3 Rab8 21. Rac1 Ne5 22. c5 Qf5 23. cxd6 Nd3 24. d7 Qxd7 25. Qxd7 Nxd7 26. Rb1 axb4 27. axb4 Nxb4 28. Ba3 Nd3 29. Nc4 Ra8 30. Nd6 Rf8 31. Ra1 b5 32. Nf5 b4 33. Ne7+ Kh8 34. Nxc6 bxa3 35. Nd4 Ra5 36. Nc2 Rfa8 37. Bxf7 a2 38. Nd4 N7e5 39. Be6 g6 40. h3 Nb4 41. Rd2 Ned3 42. Nc2 R8a6 43. Nxb4 Nxb4 44. Bb3 Ra3 45. Bc4 Rc6 46. Raxa2 Nxa2 47. Bxa2 Kg7 48. Rb2 Kf6 49. Bd5 Rc1+ 50. Kh2 Ke5 51. Rb5 Rac3 52. Kg3 Rc5 53. Rxc5 Rxc5 54. Bb7 Rc3 55. h4 h6 56. Ba6 Rc6 57. Bb5 Rf6 58. Ba4 Rf5 59. Bd7 Rf8 60. Ba4 Rf7 61. Be8 Rg7 62. Ba4 Kf5 63. Bc2 Rc7 64. Ba4 h5 65. Be8 Rc1 66. Bd7+ Kf6 67. Be8 Rd1 68. Kh2 Kf5 69. g3 Rd8 70. Ba4 g5 71. hxg5 Kxg5 72. Kg2 Rd6 73. Bb5 h4 74. gxh4+ Kxh4 75. Ba4 Rg6+ 76. Kf1 Kg4 77. Bc2 Re6 78. Ke2 Kg5 79. f3 exf3+ 1/2-1/2

[Event "GBR-ch 111th"]
[Site "Liverpool"]
[Date "2025.08.10"]
[Round "9.7"]
[White "Harvey, Marcus R"]
[Black "Bazakutsa, Svyatoslav"]
[Result "0-1"]
[WhiteElo "2439"]
[BlackElo "2481"]
[PlyCount "94"]
[EventDate "2025.08.02"]
[EventType "swiss"]
[EventRounds "9"]
[EventCountry "GBR"]
[SourceTitle "BritBase"]
[Source "John Saunders"]
[SourceDate "2025.08.11"]
[SourceVersion "1"]
[SourceVersionDate "2025.08.11"]
[SourceQuality "1"]

1. g3 e5 2. Nf3 Nc6 3. c4 e4 4. Nh4 d5 5. cxd5 Qxd5 6. Nc3 Qe6 7. Qa4 Nf6 8. d3 exd3 9. Bg2 dxe2 10. Qb5 Bb4 11. Qxe2 Nd4 12. Qxe6+ Bxe6 13. O-O O-O-O 14. Bg5 h6 15. Bxf6 gxf6 16. Ne4 f5 17. a3 Ne2+ 18. Kh1 Be7 19. Nc3 Nxc3 20. bxc3 Rd3 21. Nf3 Bf6 22. Nd4 Bxd4 23. cxd4 Rxd4 24. Rfe1 f4 25. Re4 Rhd8 26. Rae1 Rxe4 27. Bxe4 Rd2 28. Kg2 Ra2 29. gxf4 Rxa3 30. f5 Bd7 31. Rd1 b5 32. Bd5 Bxf5 33. Bxf7 Bh3+ 34. Kg1 Rc3 35. Bd5 a5 36. f4 a4 37. Be4 Rc5 38. Kf2 a3 39. Ke3 Be6 40. Rf1 b4 41. f5 Bf7 42. Kd4 Ra5 43. f6 a2 44. Ra1 c5+ 45. Kd3 c4+ 46. Kd4 b3 47. Kc3 Ra6 0-1

[Event "GBR-ch 111th"]
[Site "Liverpool"]
[Date "2025.08.10"]
[Round "9.8"]
[White "Han, Yichen"]
[Black "Banerjee, Supratit"]
[Result "1/2-1/2"]
[WhiteElo "2430"]
[BlackElo "2242"]
[PlyCount "90"]
[EventDate "2025.08.02"]
[EventType "swiss"]
[EventRounds "9"]
[EventCountry "GBR"]
[SourceTitle "BritBase"]
[Source "John Saunders"]
[SourceDate "2025.08.11"]
[SourceVersion "1"]
[SourceVersionDate "2025.08.11"]
[SourceQuality "1"]

1. e4 e6 2. d4 d5 3. e5 c5 4. c3 Nc6 5. Nf3 Bd7 6. Be2 f6 7. O-O fxe5 8. dxe5 Nh6 9. c4 d4 10. Bxh6 gxh6 11. b4 Bg7 12. bxc5 O-O 13. Nbd2 Nxe5 14. Nxe5 Bxe5 15. Bf3 Qc7 16. g3 Qxc5 17. Bxb7 Rab8 18. Rb1 Bg7 19. Be4 Bc6 20. Qg4 Bd7 21. Qe2 Bc6 22. Qd3 Bxe4 23. Nxe4 Qc6 24. Rb3 Rbc8 25. Rc1 Rf5 26. Nd2 Rcf8 27. Rf1 h5 28. h4 Kh8 29. Ra3 a5 30. Qe4 Qd6 31. Rd3 Qe7 32. Nf3 Qf6 33. Kg2 Bh6 34. Qe2 e5 35. Qe4 Rg8 36. Rb1 Rf4 37. Qxe5 Rxf3 38. Qxf6+ Rxf6 39. Rxd4 Rg4 40. Rd8+ Bf8 41. Rc1 Re4 42. Rc2 Kg7 43. Rd5 a4 44. Ra5 a3 45. c5 Rc6 1/2-1/2

[Event "GBR-ch 111th"]
[Site "Liverpool"]
[Date "2025.08.10"]
[Round "9.9"]
[White "Ghasi, Ameet K"]
[Black "Hebden, Mark L"]
[Result "1-0"]
[WhiteElo "2501"]
[BlackElo "2347"]
[PlyCount "59"]
[EventDate "2025.08.02"]
[EventType "swiss"]
[EventRounds "9"]
[EventCountry "GBR"]
[SourceTitle "BritBase"]
[Source "John Saunders"]
[SourceDate "2025.08.11"]
[SourceVersion "1"]
[SourceVersionDate "2025.08.11"]
[SourceQuality "1"]

1. c4 g6 2. Nc3 Bg7 3. d4 Nf6 4. e4 d6 5. h3 O-O 6. Be3 a5 7. Qc2 e5 8. dxe5 dxe5 9. Rd1 Nfd7 10. Nf3 c6 11. c5 Qe7 12. Na4 Na6 13. Bxa6 Rxa6 14. O-O f5 15. exf5 gxf5 16. Rfe1 Qf7 17. Ng5 Qg6 18. Qb3+ Kh8 19. Rd6 Nf6 20. f4 e4 21. Nb6 Rxb6 22. cxb6 h6 23. Red1 Qh5 24. Rd8 hxg5 25. Rxf8+ Bxf8 26. Rd8 Kg7 27. Bd4 a4 28. Bxf6+ Kxf6 29. Rxf8+ Ke7 30. Qb4+ 1-0

[Event "GBR-ch 111th"]
[Site "Liverpool"]
[Date "2025.08.10"]
[Round "9.11"]
[White "Badacsonyi, Frankie"]
[Black "Mahadevan, Siva"]
[Result "0-1"]
[WhiteElo "2193"]
[BlackElo "2416"]
[PlyCount "78"]
[EventDate "2025.08.02"]
[EventType "swiss"]
[EventRounds "9"]
[EventCountry "GBR"]
[SourceTitle "BritBase"]
[Source "John Saunders"]
[SourceDate "2025.08.11"]
[SourceVersion "1"]
[SourceVersionDate "2025.08.11"]
[SourceQuality "1"]

1. d4 d5 2. c4 e6 3. Nf3 Nf6 4. g3 dxc4 5. Bg2 a6 6. O-O Nc6 7. Be3 Bd7 8. Qc1 b5 9. b3 cxb3 10. axb3 Nb4 11. Ne5 Rb8 12. Bd2 Rb6 13. Bxb4 Bxb4 14. Nd3 Be7 15. Nc5 Bc8 16. e3 Nd5 17. Nc3 O-O 18. Nd1 e5 19. dxe5 Rc6 20. b4 Bh3 21. Rxa6 Bxg2 22. Kxg2 Nxb4 23. Rxc6 Nxc6 24. e4 Nxe5 25. Qc3 Nc4 26. Nd3 Re8 27. Re1 c5 28. Ne3 Nxe3+ 29. Rxe3 c4 30. Nf4 Bc5 31. Re2 Qd4 32. Qa5 b4 33. Qa4 Rb8 34. e5 b3 35. e6 fxe6 36. Qa6 Bd6 37. Nxe6 Qd5+ 38. f3 b2 39. Rxb2 Rxb2+ 0-1